| 000 | 01449cam a22003857a 4500 | ||
|---|---|---|---|
| 999 |
_c28975 _d28946 |
||
| 001 | 16547872 | ||
| 003 | EG-ScBUE | ||
| 005 | 20201020140536.0 | ||
| 008 | 101119r20142011inua f 001 0 eng d | ||
| 020 | _a9788126529803 | ||
| 035 | _a(OCoLC)ocn635494662 | ||
| 040 |
_aUKM _beng _erda _cUKM _dBTCTA _dYDXCP _dAAL _dBWX _dCDX _dDLC _dEG-ScBUE |
||
| 041 | 0 |
_aeng _beng |
|
| 082 | 0 | 4 |
_a006.78 _bSOS _222 |
| 100 | 1 |
_aSosinsky, Barrie A., _eauthor. |
|
| 245 | 1 | 0 |
_aCloud computing bible / _cBarrie Sosinsky. |
| 250 | _aReprinted edition. | ||
| 264 | 1 |
_aIndianapolis, Indiana : _bWiley Publishing, _c2014. |
|
| 300 |
_axxviii, 497 pages : _billustrations ; _c24 cm |
||
| 336 |
_2rdacontent _atext _btxt |
||
| 337 |
_2rdamedia _aunmediated _bn |
||
| 338 |
_2rdacarrier _avolume _bnc |
||
| 500 | _aIncludes index. | ||
| 520 | _aLooks at what cloud computing is and is not, why cloud computing exists, and the value of cloud computing, along with information on cloud computing platforms, infrastructure, services, and security. | ||
| 546 | _aIn English; summary in English. | ||
| 650 | 7 |
_aCloud computing. _2BUEsh _937309 |
|
| 650 | 7 |
_aWeb services. _2BUEsh |
|
| 650 | 7 |
_aApplication software. _2BUEsh |
|
| 650 | 7 |
_aData processing. _2BUEsh |
|
| 653 |
_bMASIICCSS _cOctober2020 |
||
| 655 |
_vReading book _934232 |
||
| 906 |
_a7 _bcbc _ccopycat _d2 _encip _f20 _gy-gencatlg |
||
| 942 |
_2ddc _cBB |
||